000 00598nam a22002297a 4500
999 _c9776
_d9776
001 9776
003 BD-JhCC
005 20180401083522.0
008 180329b xxu||||| |||| 00| 0 eng d
020 _a0852293194
035 _a(BD-JhCC)9776
040 _aBD-JhCC
_dBD-JhCC
041 _aeng
082 _bYEA 1958
_a031
245 _a1977 Yearbook Of Science and the Future /
_cDavid Calhoun
260 _aLondon :
_bEncyclopaedia,
_c1958.
300 _a446 p. :
_bills;
_c29 cm.
650 _aEncyclopedias and dictionaries
700 _aCalhoun, David
942 _2ddc
_cBK